000 00703nam a2200229Ia 4500
001 16780
003 GE_BSU
008 181216s||||||||xx |||||||||||||| ||und||
040 _cGE_BSU
080 _a82-93:821.353.1-32
100 _aზედგინიძე, ელიზბარ
245 _aჩემი თვალისჩინი
245 _bმოთხრობები
245 _cრედ.მ.გორგაძე
260 _aთბილისი
260 _bნაკადული
260 _c1961
300 _a108გვ. : ილ. ; 20სმ
653 _aმოთხრობები
653 _aჩემი თვალისჩინი
942 _cBK
999 _c49845
_d49845